|
|
|
|
| LEADER |
00000nam0a2200000 4500 |
| 001 |
243009 |
| 005 |
20231101231933.0 |
| 035 |
|
|
|a (RuTPU)RU\TPU\book\264341
|
| 090 |
|
|
|a 243009
|
| 100 |
|
|
|a 20130913d1986 m y0rusy50 ca
|
| 101 |
0 |
|
|a rus
|
| 102 |
|
|
|a RU
|
| 105 |
|
|
|a a z 001zy
|
| 200 |
1 |
|
|a Младшая муза
|f П. Карп
|g худож. В. Лыков
|
| 210 |
|
|
|a Москва
|c Детская литература
|d 1986
|
| 215 |
|
|
|a 190 с.
|c ил.
|
| 225 |
1 |
|
|a В мире прекрасного
|
| 320 |
|
|
|a Вступительная статья: с. 5-8
|
| 606 |
1 |
|
|a Спектакли балетные
|2 stltpush
|3 (RuTPU)RU\TPU\subj\55751
|9 73726
|
| 610 |
1 |
|
|a балет
|
| 610 |
1 |
|
|a балетные спектакли
|
| 610 |
1 |
|
|a искусство
|
| 610 |
1 |
|
|a танец
|
| 675 |
|
|
|a 792.8(09)
|v 3
|
| 700 |
|
1 |
|a Карп
|b П.
|g Поэль
|4 070
|
| 702 |
|
1 |
|a Лыков
|b В.
|4 440
|
| 801 |
|
1 |
|a RU
|b 63413507
|c 20130913
|
| 801 |
|
2 |
|a RU
|b 63413507
|c 20220112
|g RCR
|
| 942 |
|
|
|c BK
|